Listado de los géneros de malacofauna terrestre de Colombia (Registro nro. 6125)
[ vista simple ]
| 000 -CABECERA | |
|---|---|
| Campo de control | 00729nam a2200157 a 4500 |
| 090 ## - CLASIFICACIÓN LOCAL | |
| Colección | IAVH |
| Consecutivo | 00620 |
| 041 ## - IDIOMA | |
| Código de idioma para texto/pista de sonido o título separado | Español |
| 100 ## - ASIENTO PRINCIPAL--NOMBRE PERSONAL | |
| Nombre personal | Vera Ardila, Mónica Lucía |
| 245 ## - MENCION DE TITULO | |
| Título | Listado de los géneros de malacofauna terrestre de Colombia |
| 260 ## - PUBLICACION, DISTRIBUCION, ETC. (PIE DE IMPRENTA) | |
| Lugar de publicación, distribución, etc. | Bogotá |
| Nombre del editor, distribuidor, etc. | Instituto Alexander von Humboldt |
| Fecha de publicación, distribución, etc. | 2004 |
| 300 ## - DESCRIPCION FISICA | |
| Extensión | 5 p. |
| 520 ## - NOTA DE RESUMEN, ETC. | |
| Nota de resumen | Se realizó una revisión bibliográfica de las familias de moluscos terrestres del país y a partir de esta se generó un listado con 80 géneros de moluscos terrestres presentes en Colombia. Adicionalmente, se realizó la documentación de metadatos mediante la aplicación M3Cat |
| 650 ## - ASIENTO SECUNDARIO DE MATERIA - TERMINO TEMATICO | |
| Término temático o nombre geográfico como elemento de entrada | Revisión bibliográfica |
| 650 ## - ASIENTO SECUNDARIO DE MATERIA - TERMINO TEMATICO | |
| Término temático o nombre geográfico como elemento de entrada | Moluscos terrestres |
| 945 ## - PROCESAMIENTO LOCAL | |
| AAAA-MM-DD - Fecha de ingreso o modificacion | 2007-08-16 |
No hay ítems disponibles.